Banca 77 / (Registro nro. 11956)
[ vista simple ]
| 000 -LEADER | |
|---|---|
| fixed length control field | 01131nam a2200229Ia 4500 |
| 003 - CONTROL NUMBER IDENTIFIER | |
| control field | OSt |
| 005 - DATE AND TIME OF LATEST TRANSACTION | |
| control field | 20210716122252.0 |
| 008 - FIXED-LENGTH DATA ELEMENTS--GENERAL INFORMATION | |
| fixed length control field | 210310s1977 ck gr 000 0 spa d |
| 040 ## - CATALOGING SOURCE | |
| Original cataloging agency | CO-JMCR |
| Transcribing agency | CO-JMCR |
| 041 ## - LANGUAGE CODE | |
| Language code of text/sound track or separate title | spa |
| 082 04 - DEWEY DECIMAL CLASSIFICATION NUMBER | |
| Classification number | 332.4986 / |
| Item number | A837b |
| Edition number | 23 |
| 111 2# - MAIN ENTRY--MEETING NAME | |
| Meeting name or jurisdiction name as entry element | Convención Bancaria y de Instituciones Financieras |
| Number of part/section/meeting | (15 : |
| Date of meeting or treaty signing | 1977 : |
| Location of meeting | Cartagena, Colombia) |
| 9 (RLIN) | 38528 |
| 245 10 - TITLE STATEMENT | |
| Title | Banca 77 / |
| Statement of responsibility, etc. | [Memoria de la XV Convención Bancaria y de Instituciones Financieras] ; Asociación Bancaria de Colombia. |
| 260 ## - PUBLICATION, DISTRIBUTION, ETC. | |
| Place of publication, distribution, etc. | [Cartagena, Colombia] : |
| Name of publisher, distributor, etc. | Presencia, |
| Date of publication, distribution, etc. | 1977 |
| 300 ## - PHYSICAL DESCRIPTION | |
| Extent | 104 páginas ; |
| Dimensions | 23 cm |
| 505 0# - FORMATTED CONTENTS NOTE | |
| Title | La Banca ante la situación nacional. / |
| Statement of responsibility | Eduardo Arias Robledo. -- |
| Title | Una economía en Interinidad. / <br/><br/> |
| Statement of responsibility | Jorge Mejía Palacio. -- |
| Title | Presente y Perspectivas de la Situación Cafetera Arturo Gómez Jaramillo. América Latina y el Nuevo Orden Económico Internacional. / |
| Statement of responsibility | Felipe Herrera. |
| 650 14 - SUBJECT ADDED ENTRY--TOPICAL TERM | |
| Topical term or geographic name entry element | Bancos y banca |
| Geographic subdivision | Colombia |
| 9 (RLIN) | 26906 |
| 650 24 - SUBJECT ADDED ENTRY--TOPICAL TERM | |
| Topical term or geographic name entry element | Industria cafetalera |
| Geographic subdivision | Colombia |
| 9 (RLIN) | 38529 |
| 650 24 - SUBJECT ADDED ENTRY--TOPICAL TERM | |
| Topical term or geographic name entry element | Historia económica |
| Geographic subdivision | Colombia |
| 9 (RLIN) | 6882 |
| 710 0# - ADDED ENTRY--CORPORATE NAME | |
| Corporate name or jurisdiction name as entry element | Asociación Bancaria de Colombia. |
| 9 (RLIN) | 8022 |
| 942 ## - ADDED ENTRY ELEMENTS (KOHA) | |
| Source of classification or shelving scheme | Dewey Decimal Classification |
| Koha item type | Books |
| Withdrawn status | Lost status | Source of classification or shelving scheme | Damaged status | Not for loan | Home library | Current library | Shelving location | Date acquired | Source of acquisition | Full call number | Barcode | Date last seen | Copy number | Price effective from | Koha item type |
|---|---|---|---|---|---|---|---|---|---|---|---|---|---|---|---|
| Dewey Decimal Classification | Biblioteca Pública José María del Castillo y Rada | Biblioteca Pública José María del Castillo y Rada | General Stacks | 04/15/2018 | Donación | 332.4986 / A837b | 430003143 | 05/16/2024 | Ej.1 | 03/10/2021 | Books |